000 00914nam a2200265 i 4500
001 000028578
003 DO-SdBNP
005 20240927112549.0
007 ta
008 110411s1995 dr 000 0 spa d
040 _aDO-SdBNP
_bspa
_cBNPHU
_erda
082 4 _bS127d
_222
100 1 _a Sáez , José Luis,
_d1937-
_9620
_eautor
_4aut.
245 1 0 _aDr. Elías Rodríguez Ortíz, educador, diplomático y obispo (1800-1857). /
246 1 3 _aConferencia Doctor Elías Rodríguez Ortíz, educador, diplomático y obispo (1800-1857).
264 1 _aSanto Domingo :
_bAmigo del Hogar,
_c1995.
300 _a31 páginas
_c21 cm.
336 _2rdacontent
_atexto
_btxt
337 _2rdamedia
_asin mediación
_bn
338 _2rdacarrier
_avolumen
_bnc
500 _aIncluye referencias bibliográficas y notas al pie de las páginas.
590 _aInventariado, 2024/ YL
910 _aYLockward
942 _2ddc
_cLF2
999 _c28070
_d28070